01525nam a2200265Ia 4500001000600000003000900006008004100015040001300056040001300069041001300082100001900095100002900114245004500143245004500188250001100233260001100244260002500255260004900280300005700329500072300386650003201109650003101141700003301172700005401205F6942IT-RoPAU130308s9999 xx 000 0 und d aIT-RoPAU cIT-RoPAU aITALIANO aMascolo Flavio gCodice Aut. SPICS: 52564 aInternet. l'informazione senza frontiere bInternet. L'Informazione senza Frontiere a1a ed. aMILANO bEdizioni Paoline Fsp c1997 [1° Ed.:1997 - Ed.Ling.Originale:1997] a"160 p. (prefazione: no ; testo: 160 [pagine: 0-0])" aBreve Storia della Comunicazione: Accenni Sulla telematica dal Computer a Internet, connessione in Rete. Internet: Storia: Rete sperimentale Militare. da Rete per la Ricerca a madre di Tutte le Reti: risorse della Grande Rete Internet. Www (World Wide Web): Come Collegarsi a Internet, Strumenti e Servizi. brevi cenni Sul Personal Computer. indirizzi Internet. Come Lavorerà Il giornalista di domani di Pierangelo Giovanetti. Approccio Educativo Ai Media tra Storia e Cultura. Educare a internet e Alla Multimedialità. Internet, I Giovani e la Trappola della Pornografia. internet e le Riflessioni Etiche. internet e gli Approfondimenti Teorici. internet e Il Sistema Didattico. Glossario. Bibliografia Ragionata. aSAGGI SULLA MULTIMEDIALITA' eCodice materia Spics: 4257 aFiorella LucaMichelone Guido gCodice Aut. SPICS: 52565Codice Aut. SPICS: 30403